000
00256 a2200097 4500
082
_a
954.91 ZAI
100
_a
Zaidi,Z.H.
245
_a
Jinnah Papers /
_c
Z.H.Zaidi
260
_a
Islamabad :
_c
Quaid e azam papers project culture division Govt Pakistan,
300
_c
26cm
650
_a
papers
999
_c
1914
_d
1914